000
00282nam a22001097a 4500
999
_c
163238
_d
163238
082
_a
_b
100
_a
Harinarayana Dheekshith
245
_a
Sanskrit Sahitya Main Rastriya Bhavana /
_c
by Harinarayana Dheekshith.
260
_a
New Delhi:
_b
Devavani,
_c
650
_a
942
_c
BK